College Quizbowl Stats
College Quizbowl Stats
Circuits
Seasons
Sets
Records
Detailed Stats
About
Loading...
Upper Midwest
Tossups
Bonuses
Players
Teams
Categories (Tossup)
Categories (Bonus)
Chandler Wolke
Kentucky A
Categories
Category
Powers
Gets
Negs
BBs
Points
Earliest Buzz
Avg. Buzz
First Buzzes
Top 3 Buzzes
BPA
PVF
Literature - American
0
1
0
0
10
71
71.00
0
0
4.23
4.00
Science - Physics
0
1
0
0
10
94
94.00
0
0
1.45
3.33
Fine Arts - Painting and Sculpture
0
0
1
0
-5
0.00
0
0
0.00
0.00
Buzzes
Category
Answer
Value
Buzz Position
Fine Arts - Painting and Sculpture
Christina’s World
-5
71
Literature - American
Slaughterhouse-Five
10
71
Science - Physics
fusion reactors
10
94
Previous
1
Next